MARC

LEADER 00000nam0a2200000 4500
001 130512
005 20231031133933.0
020 |a RU  |b 85-94741 
035 |a (RuTPU)RU\TPU\book\141356 
090 |a 130512 
100 |a 20080205d1985 m y0rusy5003 ca 
101 0 |a rus 
102 |a UA 
105 |a a z 000zy 
200 1 |a Победа над Эверестом  |f Ю. В. Кононов 
210 |a Киев  |c Здоровья  |d 1985 
215 |a 104 с.  |c ил. 
610 1 |a альпинизм 
610 1 |a Гималаи 
610 1 |a Эверест 
610 1 |a история 
610 1 |a советская экспедиция 
610 1 |a мировой рекорд 
675 |a 797  |z rus 
700 1 |a Кононов  |b Ю. В.  |g Юрий Вячеславович  |4 070 
801 0 |a RU  |b RuMRKP  |c 19950704  |g psbo 
801 1 |a RU  |b 63413507  |c 20080205  |g PSBO 
801 2 |a RU  |b 63413507  |c 20081223  |g PSBO 
942 |c BK